| 000 | 01205cab a2200313 4500 | ||
|---|---|---|---|
| 001 | ABS48117 | ||
| 008 | 090401t xxu||||| |||| 00| 0 eng d | ||
| 035 | _a(Sirsi) u65084 | ||
| 041 | _aeng | ||
| 100 | _aMazure, N.R. | ||
| 245 | _aFraud and negligence claims against surveyors | ||
| 260 | _c11(2) Winter 1992/93, 118-129(12) | ||
| 350 | _a0 | ||
| 490 |
_aJournal of Property Valuation and Investment _v11(2) Winter 1992/93, 118-129(12) |
||
| 520 | _aTackles an area of increased activity and concern, limiting coverage to general principles and application to residential mortgage valuation and surveying. The article examines the use of comparables, the nature of negligence and fraud, the duty of valuers and the extent of liability, claims and insurance. | ||
| 650 | _aDAMAGES | ||
| 650 | _aDUTY OF CARE | ||
| 650 | _aMORTGAGE FRAUD | ||
| 650 | _aMORTGAGE VALUATIONS | ||
| 650 | _aNEGLIGENCE | ||
| 650 |
_aRESIDENTIAL PROPERTY _96266 |
||
| 650 | _aSINGER AND FRIEDLANDER LTD V JOHN D WOOD AND CO | ||
| 650 | _aSURVEYORS | ||
| 650 | _aVALUERS | ||
| 690 | _aMANAGEMENT-BUSINESS MANAGEMENT-PROFESSIONAL PRACTICE | ||
| 700 | _aWaddell, J.C.T. | ||
| 942 | _n0 | ||
| 948 | _c04/03/1997 | ||
| 999 |
_c40566 _d40566 |
||